Behavioural public policy

Uložené v:
Podrobná bibliografia
Ďalší autori: Oliver, Adam
Médium: Kniha
Jazyk:English
Vydavateľské údaje: New York Cambridge University Press 2013
Predmet:
Tagy: Pridať tag
Žiadne tagy, Buďte prvý, kto otaguje tento záznam!

MARC

LEADER 00000nam a2200000 4500
001 0199232
005 20240315115129.6
020 |a 978-1-107-61737-7 (paperback) 
020 |a 978-1-107-04263-6 (hardback) 
041 0 |a eng 
044 |a US 
245 1 0 |a Behavioural public policy  |c edited by: Adam Oliver 
264 1 |a New York  |b Cambridge University Press  |c 2013 
300 |a 235 s. 
610 2 0 |a politika verejná 
610 2 0 |a správa verejná 
610 2 0 |a veda 
610 2 0 |a politika 
610 2 0 |a politika hospodárska 
610 2 0 |a politika sociálna 
610 2 0 |a psychológia 
700 1 |a Oliver, Adam